00845 a2200181 4500003000500000005001700005040000900022082001500031100003200046245005500078260003100133300001100164505031400175650001900489942001200508999001900520952012400539Nust20230228120546.0 cNust a301.44,SOR aSorokin, Pitirim A.9109627 aSocial and cultural mobility /cPitirim A. Sorokin aNew YorkbFree Pressc1959 a645 p. aThe Fluctuation of Social Stratification (Page-23), Social Mobility, its forms and Fluctuation (Page-133), Population of Different Social Strata (Page-215), Fundamental Causes of Stratification and Vertical Mobility (Page-337), Present Day Mobile Society (Page-381), The Results of Social Mobility (Page-493). aSociology9367 2ddccBK c178399d178399 00102ddc4070aMCSbMCScGENd2016-12-12o301.44,SORpMCS34410r2016-12-08w2016-12-12yBKzAlmirah No.73, Shelf No.3